[Event "Krasnodar Region-ch"]
[Site "Krasnodar"]
[Date "2010.10.19"]
[Round "4"]
[White "Gochelashvili, David"]
[Black "Polyakov, Yury"]
[Result "1/2-1/2"]
[WhiteElo "2447"]
[BlackElo "2301"]
[PlyCount "86"]
[EventDate "2010.10.16"]
[EventType "swiss"]
[EventRounds "9"]
[EventCountry "RUS"]
[SourceTitle "EXT 2022"]
[Source "ChessBase"]
[SourceDate "2021.10.06"]
[SourceVersion "1"]
[SourceVersionDate "2021.10.06"]
[SourceQuality "1"]

1. Nf3 Nf6 2. g3 g6 3. Bg2 Bg7 4. 0-0 0-0 5. c4 c6 6. d4 d5 7. b3 a5 8. Bb2 a4 9. cxd5 Nxd5 10. e4 Nb6 11. Na3 axb3 12. axb3 Bg4 13. h3 Bxf3 14. Bxf3 c5 15. e5 Nc6 16. Bxc6 bxc6 17. dxc5 Nd7 18. b4 Nxe5 19. Kg2 Qb8 20. Qb3 Rd8 21. Rad1 Qc7 22. Qc3 Bf6 23. Qb3 Qb7 24. Rfe1 Nd7 25. Bxf6 Nxf6 26. Rxd8+ Rxd8 27. Rc1 Qa6 28. Kg1 Qe2 29. Qe3 Rd1+ 30. Rxd1 Qxd1+ 31. Kg2 Nd5 32. Qe4 Qb3 33. Nc2 e6 34. Kh2 h5 35. Ne3 Nxb4 36. g4 Qb2 37. gxh5 Qxf2+ 38. Ng2 Nd5 39. hxg6 Qxc5 40. gxf7+ Kxf7 41. Qh7+ Ke8 42. Qg6+ Kd7 43. h4 Kd6 1/2-1/2